[Event "I Open Distrito de Chamartin 2012"]
[Site "Madrid ESP"]
[Date "2012.09.11"]
[Round "3.3"]
[White "Sanchez Gonzalez, Sergio"]
[Black "Camara Cozar, David"]
[Result "1-0"]
[WhiteElo "2273"]
[BlackElo "2077"]
[PlyCount "79"]
[EventDate "2012.09.09"]
[EventType "swiss"]
[EventRounds "9"]
[EventCountry "ESP"]
[Source "lmi"]
[SourceDate "2012.09.09"]

1. c4 Nf6 2. Nc3 d5 3. cxd5 Nxd5 4. g3 Nxc3 5. bxc3 g6 6. Bg2 Bg7 7. d4 c5 8.
e3 O-O 9. Ne2 Qc7 10. O-O Na6 11. e4 Rd8 12. Be3 Be6 13. d5 Bg4 14. f3 Bc8 15.
Rb1 b6 16. c4 Nb8 17. Qc2 Qd7 18. f4 Bb7 19. e5 Na6 20. Nc3 Nb4 21. Qe2 Rab8
22. a3 Na6 23. Nb5 Ba8 24. e6 fxe6 25. Bh3 Nc7 26. Nxc7 Qxc7 27. Bxe6+ Kh8 28.
f5 Qe5 29. fxg6 Rd6 30. Bg4 Rxg6 31. Bf4 Qd4+ 32. Rf2 Rf8 33. Rd1 Qc3 34. Rf3
Qb2 35. Qxb2 Bxb2 36. h3 Rgf6 37. Re1 e5 38. Rxe5 Rxf4 39. Rxf4 Rxf4 40. Re8+
1-0

[Event "I Open Distrito de Chamartin 2012"]
[Site "Madrid ESP"]
[Date "2012.09.11"]
[Round "3.4"]
[White "Contreras Donoso, Juan Francisco"]
[Black "Hernando Pertierra, Jose C"]
[Result "0-1"]
[WhiteElo "1766"]
[BlackElo "2376"]
[PlyCount "72"]
[EventDate "2012.09.09"]
[EventType "swiss"]
[EventRounds "9"]
[EventCountry "ESP"]
[Source "lmi"]
[SourceDate "2012.09.09"]

1. d4 Nf6 2. c4 e6 3. Nc3 Bb4 4. Qc2 Nc6 5. Nf3 Qe7 6. Bd2 O-O 7. e3 d6 8. Bd3
e5 9. d5 Nb8 10. O-O Na6 11. Ng5 h6 12. Nh7 Nxh7 13. Bxh7+ Kh8 14. Bf5 Bxf5 15.
Qxf5 Nc5 16. Rad1 Bxc3 17. Bxc3 a5 18. Rfe1 b6 19. e4 Qd7 20. Qh5 Kh7 21. Re3
f5 22. exf5 Rxf5 23. Qg4 Raf8 24. Rf1 Qf7 25. f3 Rf4 26. Qg3 Rxc4 27. b3 Rf4
28. Rd1 Qg6 29. Qf2 R8f7 30. Qe2 Qf5 31. Bb2 g5 32. Bc1 g4 33. Re4 gxf3 34.
gxf3 Rxe4 35. fxe4 Nxe4 36. Qd3 Rg7+ 0-1

[Event "I Open Distrito de Chamartin 2012"]
[Site "Madrid ESP"]
[Date "2012.09.11"]
[Round "3.7"]
[White "Elissalt Cardenas, Hector"]
[Black "Avendano Mateos, Jose"]
[Result "1/2-1/2"]
[WhiteElo "2353"]
[BlackElo "2014"]
[PlyCount "88"]
[EventDate "2012.09.09"]
[EventType "swiss"]
[EventRounds "9"]
[EventCountry "ESP"]
[Source "lmi"]
[SourceDate "2012.09.09"]

1. c4 c6 2. Nf3 d5 3. e3 e6 4. b3 f5 5. Bb2 Nf6 6. Be2 Bd6 7. Ne5 O-O 8. f4 b6
9. O-O Bb7 10. d3 Nfd7 11. Nd2 Nxe5 12. fxe5 Bc7 13. cxd5 cxd5 14. d4 Nc6 15.
Ba3 Rf7 16. Nf3 g5 17. Qd2 g4 18. Ne1 Ne7 19. Bxe7 Qxe7 20. Nd3 Bd8 21. Nf4 Qe8
22. a4 Bg5 23. a5 Bxf4 24. exf4 Rc8 25. axb6 axb6 26. Qb4 Qd8 27. Bb5 Bc6 28.
Bd3 Bb7 29. Rac1 Rxc1 30. Rxc1 Rc7 31. Rf1 Rc6 32. Bb5 Rc8 33. Qd6 Qxd6 34.
exd6 Kf7 35. d7 Ra8 36. Rc1 Ke7 37. Rc7 Ba6 38. d8=Q+ Kxd8 39. Rd7+ Kc8 40. Bc6
Bd3 41. Rxh7 Ra2 42. Bd7+ Kb8 43. Bxe6 Be4 44. g3 Rd2 1/2-1/2

[Event "I Open Distrito de Chamartin 2012"]
[Site "Madrid ESP"]
[Date "2012.09.11"]
[Round "3.8"]
[White "Ginesta Caballero, Olga Lucia"]
[Black "Castellanos, Jorge"]
[Result "1/2-1/2"]
[WhiteElo "2099"]
[BlackElo "2201"]
[PlyCount "157"]
[EventDate "2012.09.09"]
[EventType "swiss"]
[EventRounds "9"]
[EventCountry "ESP"]
[Source "lmi"]
[SourceDate "2012.09.09"]

1. e4 e6 2. d3 d5 3. Nd2 Nf6 4. Ngf3 Nc6 5. Be2 dxe4 6. dxe4 e5 7. c3 Bc5 8.
O-O a5 9. Qc2 Qe7 10. a4 O-O 11. Nc4 h6 12. Bd2 b6 13. Ne3 Bxe3 14. Bxe3 Bb7
15. Nd2 Nd8 16. f3 Ne6 17. Rfd1 Nh5 18. Nf1 Nef4 19. Bc4 Kh8 20. Rd2 f5 21.
exf5 e4 22. Bxf4 Nxf4 23. Re1 Qc5+ 24. Rd4 exf3 25. Ne3 Rae8 26. Qf2 Rxe3 27.
Rxe3 Qxf5 28. Rxf3 Nh3+ 29. gxh3 Bxf3 30. Bf1 c5 31. Rd3 Kg8 32. Qg3 Be4 33.
Qf2 Bf3 34. Qg3 Be4 35. Rd1 Rf6 36. Be2 c4 37. Rd4 Rg6 38. Bg4 Qc5 39. Qf2 Rf6
40. Rd8+ Kh7 41. Qxc5 bxc5 42. Be2 Rg6+ 43. Kf2 Rg2+ 44. Ke3 Bd3 45. Bxd3+ cxd3
46. Kxd3 Rxb2 47. Kc4 Rxh2 48. Rd3 Ra2 49. Kb5 g5 50. Kxa5 c4 51. Re3 Rb2 52.
Ka6 Rb3 53. a5 Kg6 54. Ka7 Kf5 55. a6 Kf4 56. Re6 h5 57. Rc6 Rxc3 58. Kb7 Rb3+
59. Kc7 Ra3 60. Rxc4+ Kg3 61. Rc5 Rxa6 62. Rxg5+ Kh4 63. Rb5 Ra3 64. Kd6 Rxh3
65. Ke5 Rf3 66. Ke4 Rf8 67. Ke3 Kg4 68. Ke2 h4 69. Rb1 Kg3 70. Rg1+ Kh2 71. Rg7
h3 72. Rg6 Kh1 73. Rg3 h2 74. Rg7 Ra8 75. Kf2 Ra2+ 76. Kf1 Ra1+ 77. Kf2 Rg1 78.
Rf7 Rg2+ 79. Kf1 1/2-1/2

[Event "I Open Distrito de Chamartin 2012"]
[Site "Madrid ESP"]
[Date "2012.09.11"]
[Round "3.9"]
[White "Gonzalez Mateos, Rafael"]
[Black "Cucarella Montell, Angels"]
[Result "1-0"]
[WhiteElo "2161"]
[BlackElo "1967"]
[PlyCount "45"]
[EventDate "2012.09.09"]
[EventType "swiss"]
[EventRounds "9"]
[EventCountry "ESP"]
[Source "lmi"]
[SourceDate "2012.09.09"]

1. d4 d5 2. c3 c5 3. Nf3 Nf6 4. Bf4 Nc6 5. dxc5 e6 6. b4 a5 7. Qa4 Bd7 8. b5
Na7 9. e3 Ne4 10. Qb3 Nxc5 11. Qb2 Nc8 12. Be2 Nb6 13. Nbd2 Be7 14. O-O O-O 15.
c4 dxc4 16. Nxc4 Nxc4 17. Bxc4 Qb6 18. Rac1 Rfd8 19. Be5 f6 20. Bd4 Kh8 21. e4
Rac8 22. Rc2 Qd6 23. e5 1-0

[Event "I Open Distrito de Chamartin 2012"]
[Site "Madrid ESP"]
[Date "2012.09.11"]
[Round "3.10"]
[White "Acuna Celada, Ivan"]
[Black "Gomez Feria, Jose Maria"]
[Result "1-0"]
[WhiteElo "2152"]
[BlackElo "1930"]
[PlyCount "81"]
[EventDate "2012.09.09"]
[EventType "swiss"]
[EventRounds "9"]
[EventCountry "ESP"]
[Source "lmi"]
[SourceDate "2012.09.09"]

1. e4 c5 2. Nf3 e6 3. d4 cxd4 4. Nxd4 Nc6 5. Nc3 Nf6 6. Ndb5 d6 7. Bf4 e5 8.
Bg5 Be6 9. Bxf6 gxf6 10. Nd5 Rc8 11. c3 a6 12. Na3 f5 13. exf5 Bxf5 14. Nc2 Bg7
15. Nce3 Bg6 16. h4 h5 17. Be2 Ne7 18. Qa4+ Nc6 19. Rd1 O-O 20. Bd3 f5 21. Qc2
e4 22. Bc4 Kh7 23. Nf4 Qf6 24. Qe2 Kh6 25. Ned5 Qe5 26. Qe3 Kh7 27. Nxg6 Kxg6
28. Qg5+ Kh7 29. Qxh5+ Bh6 30. O-O Ne7 31. Nxe7 Qxe7 32. Bd5 Rc7 33. Rfe1 Qf6
34. f3 exf3 35. Re6 Qg7 36. Bxf3 Rf6 37. Rdxd6 Rcf7 38. Be2 Kg8 39. Re8+ Kh7
40. Ree6 Kg8 41. Bc4 1-0

[Event "I Open Distrito de Chamartin 2012"]
[Site "Madrid ESP"]
[Date "2012.09.11"]
[Round "3.11"]
[White "Nieto De La Cruz, Julio"]
[Black "Moreno Zamora, Gregorio"]
[Result "1-0"]
[WhiteElo "2139"]
[BlackElo "1724"]
[PlyCount "161"]
[EventDate "2012.09.09"]
[EventType "swiss"]
[EventRounds "9"]
[EventCountry "ESP"]
[Source "lmi"]
[SourceDate "2012.09.09"]

1. d4 d5 2. c4 e6 3. Nc3 Nf6 4. cxd5 exd5 5. Bg5 Be7 6. e3 c6 7. Bd3 Nbd7 8.
Qc2 O-O 9. Nge2 Re8 10. f3 Nf8 11. O-O h6 12. Bh4 Ne6 13. Rae1 c5 14. Kh1 b6
15. Bxf6 Bxf6 16. Nxd5 Bb7 17. Nxf6+ Qxf6 18. Bb5 Red8 19. dxc5 Nxc5 20. Nd4
Rac8 21. Qf5 a6 22. Qxf6 gxf6 23. Be2 Ne6 24. Nf5 Rc2 25. Nxh6+ Kf8 26. Ng4
Rdd2 27. Bd1 Rxb2 28. Rg1 Rxa2 29. Nxf6 Nc5 30. h4 Kg7 31. Nh5+ Kh6 32. Nf4 b5
33. Be2 Ne6 34. Bd1 Rab2 35. Kh2 Nxf4 36. exf4 Bd5 37. Kh3 f5 38. g4 fxg4+ 39.
Kxg4 Rg2+ 40. Kf5 Bf7 41. Kf6 Rxg1 42. Rxg1 Bc4 43. f5 Rd2 44. Ke7 Rd5 45. Rg6+
Kh7 46. Bc2 Re5+ 47. Kf6 Rc5 48. Rg7+ Kh6 49. Rg6+ Kh7 50. Be4 Rc7 51. Kg5 Bf7
52. Rh6+ Kg8 53. Rxa6 Rc8 54. Rb6 Bc4 55. Rb7 Re8 56. h5 Kh8 57. Kh6 Rf8 58.
Kg6 Rg8+ 59. Kh6 Rf8 60. Rc7 Bg8 61. Rb7 Bc4 62. Rh7+ Kg8 63. Rc7 Bf7 64. Kg5
Bc4 65. f6 Bf7 66. Bg6 b4 67. Rb7 b3 68. Rb6 Rd8 69. Rb7 Rf8 70. f4 Bd5 71. Rb6
Bf7 72. h6 Bd5 73. Rb5 Bf7 74. h7+ Kh8 75. Bxf7 Rxf7 76. Kg6 Rf8 77. f7 Rd8 78.
f5 b2 79. Rxb2 Rd6+ 80. f6 Rd8 81. Re2 1-0

[Event "I Open Distrito de Chamartin 2012"]
[Site "Madrid ESP"]
[Date "2012.09.11"]
[Round "3.12"]
[White "Garcia Galeote, Lorenzo"]
[Black "Perez Gonzalez, Jose Manuel"]
[Result "0-1"]
[WhiteElo "2013"]
[BlackElo "2333"]
[PlyCount "102"]
[EventDate "2012.09.09"]
[EventType "swiss"]
[EventRounds "9"]
[EventCountry "ESP"]
[Source "lmi"]
[SourceDate "2012.09.09"]

1. Nf3 g6 2. c4 c5 3. Nc3 Bg7 4. e3 Nf6 5. b3 Nc6 6. Bb2 O-O 7. Be2 d5 8. Nxd5
Nxd5 9. Bxg7 Kxg7 10. cxd5 Qxd5 11. O-O Rd8 12. Qc2 b6 13. Rfd1 Bb7 14. Ne1 e5
15. Bf3 Qd6 16. Qb2 f6 17. Nc2 Rd7 18. d4 exd4 19. exd4 cxd4 20. Nxd4 Nxd4 21.
Bxb7 Rad8 22. Ba6 b5 23. Bxb5 Qe5 24. Rxd4 Rxd4 25. Bf1 Rd1 26. Rxd1 Rxd1 27.
Qc2 Qd6 28. Qe4 Rd2 29. Qb7+ Qd7 30. Qxd7+ Rxd7 31. g3 Rd2 32. a4 Rb2 33. Bc4
a5 34. Kg2 Kf8 35. Kf3 Ke7 36. h4 Kd6 37. Bg8 h6 38. Bf7 g5 39. h5 Kc5 40. g4
Kb4 41. Bd5 Rxb3+ 42. Ke4 Kxa4 43. Bc6+ Rb5 44. Bxb5+ Kxb5 45. Kf5 a4 46. Kg6
a3 47. Kxh6 a2 48. Kg7 a1=Q 49. h6 f5+ 50. Kg8 fxg4 51. h7 Kc4 0-1

[Event "I Open Distrito de Chamartin 2012"]
[Site "Madrid ESP"]
[Date "2012.09.11"]
[Round "3.13"]
[White "De La Orden Alcocer, Alejandro"]
[Black "Garcia Diaz, Victor Manuel"]
[Result "0-1"]
[WhiteElo "1857"]
[BlackElo "2189"]
[PlyCount "56"]
[EventDate "2012.09.09"]
[EventType "swiss"]
[EventRounds "9"]
[EventCountry "ESP"]
[Source "lmi"]
[SourceDate "2012.09.09"]

1. c4 c6 2. b4 d5 3. e3 e5 4. Bb2 f6 5. a3 Be6 6. Qc2 Nh6 7. d4 e4 8. cxd5 cxd5
9. Bb5+ Nd7 10. Nc3 a6 11. Ba4 b5 12. Bb3 Rc8 13. Qb1 Nb6 14. Nge2 Bd6 15. Qa2
Bb8 16. a4 bxa4 17. Nxa4 Nxa4 18. Qxa4+ Kf7 19. Qxa6 Bd6 20. Qb5 Rb8 21. Ra7+
Kg6 22. Rb7 Rxb7 23. Qxb7 Qb8 24. Bxd5 Bxd5 25. Qxd5 Qxb4+ 26. Bc3 Qb1+ 27. Kd2
Qd3+ 28. Kc1 Ba3+ 0-1

[Event "I Open Distrito de Chamartin 2012"]
[Site "Madrid ESP"]
[Date "2012.09.11"]
[Round "3.14"]
[White "Arbunic Castro, Giovanna"]
[Black "Marcos Herrero, Francisco"]
[Result "1/2-1/2"]
[WhiteElo "2113"]
[BlackElo "1937"]
[PlyCount "66"]
[EventDate "2012.09.09"]
[EventType "swiss"]
[EventRounds "9"]
[EventCountry "ESP"]
[Source "lmi"]
[SourceDate "2012.09.09"]

1. e4 c5 2. Nf3 d6 3. d4 cxd4 4. Qxd4 Bd7 5. Bg5 Nc6 6. Qd2 g6 7. Nc3 Qa5 8.
O-O-O Bg7 9. Kb1 Bxc3 10. Qxc3 Qxc3 11. bxc3 f6 12. Be3 Kf8 13. c4 b6 14. c5
bxc5 15. Bxc5 Be6 16. Bxd6 exd6 17. Rxd6 Nd8 18. Be2 Ne7 19. Rhd1 Nec6 20. e5
Rb8+ 21. Ka1 fxe5 22. Ng5 Ke7 23. Nxe6 Nb4 24. Rd7+ Kxe6 25. Bc4+ Kf5 26. Bb3
Nbc6 27. c3 Rb5 28. h4 Kg4 29. R1d3 Kxh4 30. Rh3+ Kg5 31. Rg3+ Kf6 32. Rf3+ Kg5
33. Rg3+ Kf6 1/2-1/2

[Event "I Open Distrito de Chamartin 2012"]
[Site "Madrid ESP"]
[Date "2012.09.11"]
[Round "3.15"]
[White "Alvarez Abejon, Amilcar"]
[Black "Camarero Izquierdo, Juan C"]
[Result "1/2-1/2"]
[WhiteElo "2105"]
[BlackElo "1899"]
[PlyCount "130"]
[EventDate "2012.09.09"]
[EventType "swiss"]
[EventRounds "9"]
[EventCountry "ESP"]
[Source "lmi"]
[SourceDate "2012.09.09"]

1. e4 c5 2. Nf3 d6 3. d4 cxd4 4. Nxd4 Nf6 5. Nc3 a6 6. Be2 b5 7. Bf3 e5 8. Nf5
b4 9. Nd5 Be6 10. Bg5 Nbd7 11. Nfe3 a5 12. a3 bxa3 13. Rxa3 h6 14. Bxf6 Nxf6
15. Nxf6+ Qxf6 16. Bg4 Be7 17. Bxe6 fxe6 18. Qd2 O-O 19. O-O Rfb8 20. b3 d5 21.
Rxa5 Rxa5 22. Qxa5 Bb4 23. Qc7 Rd8 24. Ng4 Qe7 25. Qxe7 Bxe7 26. Nxe5 Bd6 27.
Nc6 Rc8 28. exd5 exd5 29. Nd4 Be5 30. Rd1 Bxd4 31. Rxd4 Rxc2 32. Kf1 Rb2 33.
Rxd5 Rxb3 34. h4 Kf7 35. h5 Kf6 36. g3 Ra3 37. Kg2 Rb3 38. g4 Rb4 39. Rf5+ Ke7
40. Kg3 Rb2 41. f3 Rb3 42. Kh4 Rb1 43. g5 Rh1+ 44. Kg4 hxg5 45. Kxg5 Rg1+ 46.
Kf4 Ra1 47. Rb5 Ra6 48. Kg5 Kf7 49. Rb7+ Kf8 50. f4 Kg8 51. Re7 Ra1 52. Re6
Rg1+ 53. Kf5 Ra1 54. Rb6 Re1 55. h6 gxh6 56. Kf6 h5 57. Rb8+ Kh7 58. f5 h4 59.
Kf7 Kh6 60. f6 Kg5 61. Kg7 h3 62. Rh8 Kg4 63. f7 Re7 64. Rg8 Rxf7+ 65. Kxf7+
Kf3 1/2-1/2

[Event "I Open Distrito de Chamartin 2012"]
[Site "Madrid ESP"]
[Date "2012.09.11"]
[Round "3.16"]
[White "Martinez Rubio, Felipe"]
[Black "Cano Cabanillas, Javier"]
[Result "0-1"]
[WhiteElo "1835"]
[BlackElo "2027"]
[PlyCount "74"]
[EventDate "2012.09.09"]
[EventType "swiss"]
[EventRounds "9"]
[EventCountry "ESP"]
[Source "lmi"]
[SourceDate "2012.09.09"]

1. d4 Nf6 2. c4 g6 3. Nc3 d5 4. Bg5 Bg7 5. Bxf6 Bxf6 6. cxd5 Bg7 7. e4 c6 8.
Nf3 O-O 9. a3 cxd5 10. Nxd5 Nc6 11. Bb5 Bg4 12. Bxc6 bxc6 13. Nb4 Qb6 14. O-O
Bxf3 15. Qxf3 Bxd4 16. Rab1 a5 17. Nd3 Rfd8 18. b3 Qa6 19. Rfc1 Qxd3 20. Qxd3
Bxf2+ 21. Kxf2 Rxd3 22. Rxc6 a4 23. Rb6 Rd2+ 24. Kf3 Rc8 25. Re1 Rc3+ 26. Re3
Rxe3+ 27. Kxe3 Rxg2 28. bxa4 Rxh2 29. a5 Rh3+ 30. Kd4 Rxa3 31. a6 h5 32. Kc4 h4
33. Kb4 Ra1 34. Kb5 h3 35. Kc6 h2 36. a7 h1=Q 37. Rb8+ Kg7 0-1

[Event "I Open Distrito de Chamartin 2012"]
[Site "Madrid ESP"]
[Date "2012.09.11"]
[Round "3.17"]
[White "De La Colina Fernandez, Gerardo"]
[Black "Garcia Salamero, Hector"]
[Result "1/2-1/2"]
[WhiteElo "2016"]
[BlackElo "1868"]
[PlyCount "61"]
[EventDate "2012.09.09"]
[EventType "swiss"]
[EventRounds "9"]
[EventCountry "ESP"]
[Source "lmi"]
[SourceDate "2012.09.09"]

1. d4 Nf6 2. c4 g6 3. Nc3 Bg7 4. e4 d6 5. f3 O-O 6. Be3 c5 7. dxc5 dxc5 8. Qxd8
Rxd8 9. Bxc5 Nc6 10. Rd1 Rxd1+ 11. Kxd1 Nd7 12. Be3 Bxc3 13. bxc3 b6 14. Ne2
Ba6 15. Nd4 Rc8 16. Nb5 Na5 17. Kc2 Nxc4 18. Bxc4 Rxc4 19. Rb1 Ra4 20. Nxa7
Rxa2+ 21. Kb3 Rxg2 22. Nc6 Rxh2 23. Ra1 Be2 24. Nxe7+ Kf8 25. Nd5 Nc5+ 26. Kb4
Ne6 27. Ra2 Kg7 28. Bxb6 Rg2 29. Ne3 Rh2 30. Ng4 Rg2 31. Ne3 1/2-1/2

[Event "I Open Distrito de Chamartin 2012"]
[Site "Madrid ESP"]
[Date "2012.09.11"]
[Round "3.19"]
[White "Rodriguez Gomez, Vicente"]
[Black "Narro Jimenez, Jose Reyes"]
[Result "1-0"]
[WhiteElo "1992"]
[BlackElo "1835"]
[PlyCount "111"]
[EventDate "2012.09.09"]
[EventType "swiss"]
[EventRounds "9"]
[EventCountry "ESP"]
[Source "lmi"]
[SourceDate "2012.09.09"]

1. e4 c5 2. c3 d6 3. d4 cxd4 4. cxd4 Nf6 5. Nc3 e6 6. f4 Be7 7. Nf3 a6 8. Bd3
O-O 9. O-O b5 10. e5 dxe5 11. fxe5 Nd5 12. Bb1 Bb7 13. Qd3 g6 14. Bh6 Re8 15.
Ne4 Nb4 16. Qd2 Bxe4 17. Bxe4 Ra7 18. h4 Nd5 19. h5 Bf8 20. hxg6 hxg6 21. Bg5
Be7 22. Rac1 Nd7 23. Bxd5 exd5 24. Qf4 Nf8 25. Bxe7 Qxe7 26. Ng5 Ne6 27. Nxe6
Qxe6 28. Rc5 Rc8 29. b4 Rac7 30. Qf6 Rxc5 31. Qxe6 fxe6 32. dxc5 Kg7 33. Rf6
Rc6 34. Kf2 Kh6 35. Ke3 Kh5 36. Kf3 Kg5 37. g4 Kh6 38. Kf4 d4 39. g5+ Kg7 40.
Ke4 a5 41. a3 axb4 42. axb4 Ra6 43. Kxd4 Rc6 44. Rf1 Rc8 45. Ra1 Rd8+ 46. Ke4
Rd2 47. Ra5 Re2+ 48. Kd4 Rd2+ 49. Ke3 Rd5 50. Ke4 Rd1 51. Rxb5 Re1+ 52. Kd4
Rd1+ 53. Kc3 Rd5 54. Kc4 Rxe5 55. c6 Re1 56. Kc5 1-0

[Event "I Open Distrito de Chamartin 2012"]
[Site "Madrid ESP"]
[Date "2012.09.11"]
[Round "3.20"]
[White "Noval Toldos, Francisco Javier"]
[Black "Zhynguel Ramirez De Verger, Aleksei"]
[Result "0-1"]
[WhiteElo "1956"]
[BlackElo "1704"]
[PlyCount "66"]
[EventDate "2012.09.09"]
[EventType "swiss"]
[EventRounds "9"]
[EventCountry "ESP"]
[Source "lmi"]
[SourceDate "2012.09.09"]

1. d4 f5 2. e4 fxe4 3. Nc3 Nf6 4. Bg5 Nc6 5. d5 Ne5 6. Qd4 Nf7 7. Bxf6 exf6 8.
Nxe4 f5 9. Ng3 g6 10. O-O-O Bh6+ 11. f4 O-O 12. Nf3 Bg7 13. Qf2 b5 14. Qc5 Qf6
15. c3 Qd6 16. Qxd6 Nxd6 17. Ng5 Re8 18. h4 Bb7 19. h5 Re3 20. hxg6 Rxg3 21.
gxh7+ Kh8 22. Bxb5 Rxg5 23. fxg5 Nxb5 24. g6 Bf6 25. g4 f4 26. Rh5 Kg7 27. c4
Nd6 28. c5 Ne4 29. d6 cxd6 30. cxd6 Kxg6 31. Re1 Ng5 32. b4 Rc8+ 33. Kd2 Bc3+
0-1

[Event "I Open Distrito de Chamartin 2012"]
[Site "Madrid ESP"]
[Date "2012.09.11"]
[Round "3.22"]
[White "De Dompablo Fantova, Juan"]
[Black "Aguado Rodriguez, Guillermo"]
[Result "1-0"]
[WhiteElo "1656"]
[BlackElo "1881"]
[PlyCount "53"]
[EventDate "2012.09.09"]
[EventType "swiss"]
[EventRounds "9"]
[EventCountry "ESP"]
[Source "lmi"]
[SourceDate "2012.09.09"]

1. e4 e6 2. d4 d5 3. Nc3 Nf6 4. Bg5 Be7 5. e5 Nfd7 6. Bxe7 Qxe7 7. Bd3 c5 8.
Nb5 Kd8 9. Nd6 cxd4 10. f4 a6 11. Nf3 f6 12. Qd2 Nc6 13. Qe2 Nc5 14. O-O Nxd3
15. Qxd3 Kc7 16. Nxd4 Nxd4 17. Qxd4 Bd7 18. c4 Bc6 19. Rac1 Kb8 20. b4 dxc4 21.
Qxc4 Rd8 22. Qc5 g5 23. Qb6 Bd5 24. Rc5 fxe5 25. fxe5 Rxd6 26. exd6 Qd7 27.
Rf8+ 1-0

[Event "I Open Distrito de Chamartin 2012"]
[Site "Madrid ESP"]
[Date "2012.09.11"]
[Round "3.23"]
[White "Lopez Heras, Arturo"]
[Black "Garceran Izquierdo, Ruben"]
[Result "1-0"]
[WhiteElo "1976"]
[BlackElo "1719"]
[PlyCount "81"]
[EventDate "2012.09.09"]
[EventType "swiss"]
[EventRounds "9"]
[EventCountry "ESP"]
[Source "lmi"]
[SourceDate "2012.09.09"]

1. e4 c5 2. Nf3 d6 3. d4 cxd4 4. Nxd4 Nf6 5. Nc3 a6 6. Be2 e5 7. Nb3 Be7 8. O-O
O-O 9. Be3 Nbd7 10. a4 Nc5 11. Nxc5 dxc5 12. a5 Be6 13. f3 Qxd1 14. Rfxd1 Rfd8
15. Na4 Nd7 16. Rd2 Kf8 17. Rad1 Ke8 18. c4 Rac8 19. Nc3 f6 20. Nd5 Bxd5 21.
Rxd5 Nf8 22. f4 exf4 23. Bxf4 Ne6 24. Bg3 Nc7 25. Rxd8+ Bxd8 26. Bg4 Ra8 27.
Rd7 h5 28. Rxg7 hxg4 29. Bxc7 Bxc7 30. Rg8+ Kd7 31. Rxa8 Bxa5 32. Rg8 b5 33.
Ra8 bxc4 34. Rxa6 Bb4 35. Rxf6 c3 36. bxc3 Bxc3 37. Rf5 Ke6 38. Kf1 Be5 39. g3
c4 40. Ke2 c3 41. Kd3 1-0

[Event "I Open Distrito de Chamartin 2012"]
[Site "Madrid ESP"]
[Date "2012.09.11"]
[Round "3.25"]
[White "Pardo Vaquero, Ignacio"]
[Black "Cabeza Hernandez, Guillermo"]
[Result "1-0"]
[WhiteElo "1756"]
[BlackElo "1546"]
[PlyCount "45"]
[EventDate "2012.09.09"]
[EventType "swiss"]
[EventRounds "9"]
[EventCountry "ESP"]
[Source "lmi"]
[SourceDate "2012.09.09"]

1. d4 Nf6 2. Bf4 g6 3. Nf3 Bg7 4. h3 O-O 5. e3 d6 6. Be2 Nbd7 7. O-O Qe8 8. Bh2
a6 9. a4 Ne4 10. Re1 c5 11. c3 b6 12. Nbd2 Bb7 13. Qb1 Ndf6 14. Rc1 Qc6 15. Nc4
Ra7 16. b4 d5 17. Nce5 Qd6 18. Nxg6 Qe6 19. Nxf8 Bxf8 20. bxc5 bxc5 21. a5 c4
22. Qb6 Qc6 23. Qxa7 1-0

[Event "I Open Distrito de Chamartin 2012"]
[Site "Madrid ESP"]
[Date "2012.09.11"]
[Round "3.28"]
[White "Santamaria Baeza, Adolfo"]
[Black "Castro Uceda, Jose Antonio"]
[Result "1-0"]
[WhiteElo "1897"]
[BlackElo "1657"]
[PlyCount "107"]
[EventDate "2012.09.09"]
[EventType "swiss"]
[EventRounds "9"]
[EventCountry "ESP"]
[Source "lmi"]
[SourceDate "2012.09.09"]

1. e4 c5 2. Nf3 d6 3. d4 cxd4 4. Nxd4 Nf6 5. Nc3 a6 6. Bg5 e6 7. Bc4 b5 8. Bb3
b4 9. Nce2 Be7 10. Ng3 O-O 11. O-O Bb7 12. Qe1 Qb6 13. Rd1 Nbd7 14. Be3 Nc5 15.
f3 a5 16. a4 bxa3 17. bxa3 Ba6 18. Rf2 a4 19. Qb4 Qc7 20. Bxa4 Rab8 21. Nb5
Bxb5 22. Bxb5 Rb7 23. Bxc5 dxc5 24. Qc4 Qa5 25. a4 Rd8 26. Rxd8+ Qxd8 27. Qd3
Qd4 28. Qxd4 cxd4 29. Kf1 Bc5 30. Rd2 g6 31. Ne2 e5 32. Nc1 Bb4 33. Rd1 Rc7 34.
Nd3 Bd6 35. Rd2 Nd7 36. a5 Nc5 37. a6 f5 38. Nxc5 Bxc5 39. Bd3 f4 40. Rd1 Kf8
41. Rb1 Ke7 42. Rb8 Kd7 43. Bb5+ Kd6 44. Rd8+ Ke7 45. Rd5 Bd6 46. Bd3 Kd7 47.
Ke2 Rc5 48. a7 Rc8 49. Ba6 Ra8 50. Ra5 Kc7 51. Bc4 Kb6 52. Ra6+ Kb7 53. Rxd6
Rxa7 54. Rd7+ 1-0

[Event "I Open Distrito de Chamartin 2012"]
[Site "Madrid ESP"]
[Date "2012.09.11"]
[Round "3.30"]
[White "Corredor San Jose, Antonio"]
[Black "Martin Garcia, Francisco Javier"]
[Result "0-1"]
[WhiteElo "1838"]
[BlackElo "1609"]
[PlyCount "97"]
[EventDate "2012.09.09"]
[EventType "swiss"]
[EventRounds "9"]
[EventCountry "ESP"]
[Source "lmi"]
[SourceDate "2012.09.09"]

1. e4 c5 2. Nf3 d6 3. d4 cxd4 4. Nxd4 Nf6 5. Nc3 a6 6. Be2 e5 7. Nb3 Be6 8. O-O
Be7 9. Be3 Nbd7 10. f4 exf4 11. Bxf4 Ne5 12. Kh1 O-O 13. Qd2 Rc8 14. Bf3 Nc4
15. Qc1 Qc7 16. Ne2 Ne5 17. Nbd4 Bc4 18. Qd2 Rfd8 19. Rac1 d5 20. exd5 Bxd5 21.
Qe3 Bd6 22. Nf5 Bxf3 23. gxf3 Nd5 24. Qd4 Nxf4 25. Nxf4 Bf8 26. Nd5 Nc6 27.
Nh6+ Kh8 28. Qe4 Rxd5 29. Qxd5 gxh6 30. Rg1 Bg7 31. Qf5 Nd4 32. Qe4 Ne6 33. Qf5
Rd8 34. c3 Rd2 35. Rg2 Rxg2 36. Kxg2 Nf4+ 37. Kh1 Ne6 38. Rd1 Kg8 39. Qg4 Qe5
40. h4 h5 41. Qg2 Qf4 42. Qf2 h6 43. Re1 b5 44. Re4 Qd6 45. a4 bxa4 46. Qe2 a3
47. bxa3 Bxc3 48. a4 Bg7 49. Kg2 0-1

[Event "I Open Distrito de Chamartin 2012"]
[Site "Madrid ESP"]
[Date "2012.09.11"]
[Round "4.1"]
[White "Barria Zuniga, Daniel"]
[Black "Longa Yauca, Javier"]
[Result "1-0"]
[WhiteElo "2432"]
[BlackElo "2289"]
[PlyCount "89"]
[EventDate "2012.09.09"]
[EventType "swiss"]
[EventRounds "9"]
[EventCountry "ESP"]
[Source "lmi"]
[SourceDate "2012.09.09"]

1. d4 Nf6 2. c4 c6 3. Nc3 d5 4. Nf3 g6 5. cxd5 cxd5 6. Bf4 Nc6 7. e3 a6 8. Be2
Bg7 9. O-O O-O 10. Rc1 Bg4 11. h3 Bxf3 12. Bxf3 e6 13. Qb3 Na5 14. Qb4 Re8 15.
Na4 Bf8 16. Qc3 Nc4 17. b3 Nd6 18. Qc7 b5 19. Nb6 Rb8 20. Qxd8 Rexd8 21. Rc6
Rb7 22. Rfc1 a5 23. Be2 Nfe8 24. f3 f6 25. g4 Kf7 26. Kf2 Rdb8 27. Nc8 Rxc8 28.
Rxc8 Nxc8 29. Rxc8 a4 30. Rc6 axb3 31. axb3 g5 32. Bg3 Bb4 33. Bd3 h6 34. Ke2
Ke7 35. e4 Bd6 36. e5 fxe5 37. dxe5 Bb4 38. f4 Kd7 39. Rc2 Nc7 40. f5 Rb6 41.
h4 Be7 42. f6 Bf8 43. hxg5 hxg5 44. Bf2 Rb7 45. Be3 1-0

[Event "I Open Distrito de Chamartin 2012"]
[Site "Madrid ESP"]
[Date "2012.09.11"]
[Round "4.2"]
[White "Hernandez Carmenate, Holden"]
[Black "Sanchez Gonzalez, Sergio"]
[Result "1-0"]
[WhiteElo "2561"]
[BlackElo "2273"]
[PlyCount "39"]
[EventDate "2012.09.09"]
[EventType "swiss"]
[EventRounds "9"]
[EventCountry "ESP"]
[Source "lmi"]
[SourceDate "2012.09.09"]

1. d4 Nf6 2. c4 e6 3. Nf3 d5 4. Bg5 Bb4+ 5. Nc3 h6 6. Bxf6 Qxf6 7. Qb3 Bxc3+ 8.
bxc3 c6 9. g3 Nd7 10. Bg2 O-O 11. O-O b6 12. Nd2 Bb7 13. e4 dxe4 14. Nxe4 Qe7
15. c5 Ba6 16. Rfd1 bxc5 17. dxc5 f5 18. Nd6 Be2 19. Rd2 Nxc5 20. Qa3 1-0